|
|
|
|
| LEADER |
00000cam a2200000 a 4500 |
| 001 |
vtls001357326 |
| 003 |
SK-MaSNL |
| 005 |
20260301114956.0 |
| 008 |
210928s1966 xr f d 00|00 cze |
| 035 |
|
|
|a SNK000310820
|
| 040 |
|
|
|a SNK
|b slo
|c SNK
|e AACR2
|
| 041 |
|
|
|a cze
|a epo
|
| 044 |
|
|
|a xr
|c CZ
|
| 072 |
|
7 |
|a 811.9
|x Umelé jazyky
|2 konspekt
|
| 072 |
|
7 |
|a 811.162.3
|x Čeština
|2 konspekt
|
| 080 |
|
|
|a 811.922
|2 2001
|
| 080 |
|
|
|a 811.162.3
|2 2001
|
| 080 |
|
|
|a (038)
|2 2001
|
| 100 |
1 |
|
|a Hromada, Rudolf,
|d 1890-1964
|4 aut
|9 235592
|
| 245 |
1 |
0 |
|a Esperantsko-český česko-esperantský kapesní slovník
|c Rudolf Hromada
|
| 246 |
3 |
|
|a Česko-esperantský, esperantsko-český kapesní slovník
|
| 246 |
3 |
1 |
|a Esperanta-ĉeĥa, ĉeĥa-esperanta poŝvortaro
|
| 250 |
|
|
|a 3. vyd.
|
| 260 |
|
|
|a Praha
|b Státní pedagogické nakladatelství
|c 1966
|
| 300 |
|
|
|a 349, 37 s.
|c 13 cm
|
| 366 |
|
|
|e 10000 výtl.
|
| 490 |
1 |
|
|a Oboustranné kapesní slovníky
|
| 650 |
0 |
7 |
|a esperanto
|2 SNKPH
|9 22400
|
| 650 |
0 |
7 |
|a čeština
|2 SNKPH
|9 1319
|
| 655 |
|
7 |
|a dvojjazyčné prekladové slovníky
|2 SNKPH
|9 70744
|
| 830 |
|
0 |
|a Oboustranné kapesní slovníky
|9 285861
|
| 852 |
|
|
|a Slovenská národná knižnica
|
| 958 |
|
|
|a OND
|
| 999 |
|
|
|c 720469
|d 722399
|
| 952 |
|
|
|t P60, <04>, [BOOK], {604}
|a SNK
|b SNK
|y VYP
|7 0
|p 17A0184188
|o snkIE 3530 D1
|0 0
|1 1
|4 0
|d 1999-03-10
|l 0
|r 2005-01-02 00:00:00
|w 2026-02-23
|